| 000 | 00614cam a2200205Ia 4500 | ||
|---|---|---|---|
| 020 | _a0521287626 | ||
| 020 | _a9780521287623 | ||
| 020 | _a0521245125 | ||
| 020 | _a9780521245128 | ||
| 040 | _cNMI | ||
| 082 | _a001 CAM 1988 A003 Or. | ||
| 100 | 1 | _aMead, R. | |
| 245 | 1 | 4 |
_aThe design of experiments : _bstatistical principles for practical applications / |
| 250 | _a1st pbk. ed. | ||
| 260 |
_aCambridge [England] ; _aNew York : _bCambridge University Press, _c1990, c1988. |
||
| 300 |
_axiv, 620 p. : _bill. ; _c24 cm. |
||
| 650 | 0 | _aExperimental design. | |
| 650 | 0 | _aMathematical statistics. | |
| 942 | _cEK | ||
| 999 |
_c16452 _d16452 |
||